| 000 | 00992nas a2200301 4500 | ||
|---|---|---|---|
| 001 | BR2015007262 | ||
| 003 | BR-BrBNA | ||
| 005 | 20231205130057.0 | ||
| 007 | ta | ||
| 008 | 230509b bl.|||p| |||| 00| 00por d | ||
| 040 |
_aBR-BrBNA _bpor _cBiblioteca Nacional de Agricultura |
||
| 041 | _a(Pt) | ||
| 072 | _aJ11; F03 | ||
| 100 | 1 | _aGonçalves, J.R. | |
| 100 | 1 | _aPratissoli, D. | |
| 100 | 1 | _aGuedes, R.N.C. | |
| 100 | 1 | _aMatos, C.H.C. | |
| 245 | 1 | _aPotencial de Trichogramma pretiosum Riley (Hymenoptera: Trichogrammatidae)como agente de controle biológico de traças (Lepidoptera)de produtos armazenados | |
| 650 | _aGRÃQO | ||
| 650 | _aARMAZENAMENTO DE ALIMENTO | ||
| 650 | _aPARASITOSE | ||
| 650 | _aINSETO | ||
| 650 | _aCONTROLE BIOLÓGICO | ||
| 650 | _aTRICHOGRAMMA SP | ||
| 773 | 0 |
_tRevista Brasileira de Armazenamento (Brazil) _xISSN 0100-3518 _g(Jan-Jun 2004), v. 29(1) p. 62-68 _wBR2015007262 |
|
| 909 |
_a202311 _bLúcia _c55 _dLúcia Elande |
||
| 942 |
_2AGRIS _n0 _cANA |
||
| 999 |
_c247780 _d247780 |
||